00526nam a22001337a 4500020001600000082000800016100002400024245016900048260003400217300002700251650003100278700002600309856005700335 qHard Cover. a200 aMuhammad Qasim Khan aAnalysis of Pakistan's Disaster Management System to Recommend and Optimized Practical Workable Model Duly Encompassing Supply Chain Aspects /cMuhammad Qasim Khan. aIslamabad:bCEME NUST,c2010. a113 p. bill. ;c30cm. aMS-Engineering Management  aDr. Syed Athar Masood uhttp://10.250.8.41:8080/xmlui/handle/123456789/36825